| 000 | 01895nam a2200517 a 4500 | ||
|---|---|---|---|
| 001 | 23470 | ||
| 003 | VRT | ||
| 005 | 20260624110634.0 | ||
| 008 | 240314s2013 xo a b 010 j slo | ||
| 015 | _aSNBA2013/06 | ||
| 020 |
_a9788055608433 _q(brož.) |
||
| 039 | 9 |
_a202403141703 _bVLOAD _c202108101421 _dmsnk159 _c201703081128 _dAUTHORITY _c201605020859 _dmsllk12 |
|
| 040 |
_aSVKBB _bslo _cSVKBB _dSNK _eAACR2 |
||
| 041 | 1 |
_aslo _heng |
|
| 044 |
_axo _cSK |
||
| 072 | 7 |
_a821.111(73)-3 _xAmerická próza _2konspekt |
|
| 072 | 7 |
_a821-93 _xLiteratúra pre deti a mládež (beletria) _2konspekt |
|
| 080 |
_a821.111(73)-32 _22001 |
||
| 080 |
_a821-93 _22001 |
||
| 080 |
_a(0:82-321.5) _22001 |
||
| 100 | 1 |
_aSimon, Francesca, _d1955- _4aut |
|
| 240 | 1 | 0 |
_aHorrid Henry's Haunted House _lSlovensky |
| 245 | 1 | 0 |
_aGrázlik Gabo a strašidelný dom _cFrancesca Simon ; ilustroval Tony Ross ; [z anglického originálu preložila Darina Zaicová] |
| 260 |
_aBratislava _bSlovart _c2013 |
||
| 300 |
_a93 s. _bilustr. _c20 cm |
||
| 655 | 7 |
_aamerické príbehy _2SNKPH |
|
| 655 | 7 |
_aAmerican stories _2SNKPHeng |
|
| 655 | 7 |
_aHumorous stories _2SNKPHeng |
|
| 655 | 7 |
_apublikácie pre deti _2SNKPH |
|
| 655 | 7 |
_ahumoristické príbehy _2SNKPH |
|
| 655 | 7 |
_aChildren's publications _2SNKPHeng |
|
| 700 | 1 |
_aRoss, Tony, _d1938- _4ill |
|
| 700 | 1 |
_aZaicová, Darina, _d1980- _4trl |
|
| 787 | 0 | 8 |
_iZo série: _tGrázlik Gabo _g6. časť |
| 910 | _asvkbb | ||
| 910 | _asnk | ||
| 910 | _asavuk | ||
| 910 | _asllk | ||
| 942 |
_2ddc _cKLDE _n0 |
||
| 949 |
_6273K0564802 _asvkpoA 219993 _bsvkpo568897 |
||
| 949 |
_617A1072092 _asnkSD 82169 _bsnk2013/13107 _o1283/13 |
||
| 949 |
_617A1072093 _asnkSD 82169 D1 _bsnk2013/13108 _o1283/13 |
||
| 949 |
_62889197222 _asavukPV 17488 _bsavuk2013/1504 |
||
| 949 |
_6270001000415051 _asvkbbA 138332 _bsvkbbm 736360 |
||
| 999 |
_c23470 _d23470 |
||